| 000 | 00459nam a22001697a 4500 | ||
|---|---|---|---|
| 003 | NUST - PNEC | ||
| 005 | 20170116180939.0 | ||
| 008 | 150907b xxu||||| |||| 00| 0 eng d | ||
| 020 | _a0132121425 | ||
| 040 | _cLIBRARY | ||
| 082 | _a621.38041 ROD | ||
| 100 |
_98638 _aRoden, Martin S. |
||
| 245 |
_aDigital and data communication systems _cMartin S. Roden |
||
| 260 | _cc.1982 | ||
| 651 |
_98639 _aData transmission systems _xMS COM, EL |
||
| 942 |
_2ddc _cBK |
||
| 999 |
_c66108 _d66108 |
||